000 00563nam a2200169 i 4500
001 74875
003 ES-MaACL
005 20230906172256.0
007 t|
008 040921s1968 sp ||||1| spa d
100 1 _aGouyon, Paul
_cArzobispo de Rennes.
_959377
245 1 3 _aEl Concilio y la educación /
_cPaul Gouyon, Arzobispo de Rennes ; [traducción por José María Bernáldez Montalvo].
260 _aMadrid :
_bFax,
_c[1968]
300 _a171 p. ;
_c19 cm.
700 1 _aBernáldez Montalvo, José María.
_9153063
852 _aES-MaACL
_jC-51426
_bR.68058
999 _c74875
_d74875